书目信息 |
| 题名: |
申论
|
|
| 作者: | ;公安考试培训图书编辑部 编 | |
| 分册: | ||
| 出版信息: | 北京 中国人民公安大学出版社 2018 |
|
| 页数: | 218页 | |
| 开本: | 26cm | |
| 丛书名: | ||
| 单 册: | ||
| 中图分类: | D631.13 | |
| 科图分类: | ||
| 主题词: | 警察--jing cha--招聘--考试--中国--自学参考资料 | |
| 电子资源: | ||
| ISBN: | 978-7-5653-3122-0 | |
| 000 | 00974nam 02200253 450 | |
| 001 | 012001007818 | |
| 005 | 20131021143611.0 | |
| 010 | @a978-7-5653-3122-0@dCNY40.00 | |
| 099 | @aCAL 012018072223 | |
| 100 | @a20180615d2018 em y0chiy50 ea | |
| 101 | 0 | @achi |
| 102 | @aCN@b110000 | |
| 105 | @ay a 000yy | |
| 106 | @ar | |
| 200 | 1 | @a申论@Ashen lun@f公安考试培训图书编辑部编 |
| 210 | @a北京@c中国人民公安大学出版社@c群众出版社@d2018 | |
| 215 | @a218页@d26cm | |
| 300 | @a2018年公安机关招录人民警察考试辅导读本 | |
| 330 | @a本书共分八章,内容包括:申论概述;作答申论题目的基本思路;“概括材料类题”解题思路;“原因对策类题”解题思路;“综合分析类题”解题思路;“综合写作类题”解题思路;“申论论证类题”解题思路等。 | |
| 606 | @a警察@Ajing cha@x招聘@x考试@y中国@j自学参考资料 | |
| 690 | @aD631.13@v5 | |
| 711 | 02 | @a公安考试培训图书编辑部@Agong an kao shi pei xun tu shu bian ji bu@4编 |
| 801 | 2 | @aCN@b上海新华@c20191020 |
| 905 | @b1177438-41@dD631.13@e396@f4 | |
| 申论/公安考试培训图书编辑部编.-北京:中国人民公安大学出版社:群众出版社,2018 |
| 218页;26cm |
| 2018年公安机关招录人民警察考试辅导读本 |
| ISBN 978-7-5653-3122-0:CNY40.00 |
| 本书共分八章,内容包括:申论概述;作答申论题目的基本思路;“概括材料类题”解题思路;“原因对策类题”解题思路;“综合分析类题”解题思路;“综合写作类题”解题思路;“申论论证类题”解题思路等。 |
| ● |
| 相关链接 |
|
|
|
|
正题名:申论
索取号:D631.13/396
 
预约/预借
| 序号 | 登录号 | 条形码 | 馆藏地/架位号 | 状态 | 备注 |
| 1 | 1177438 | 211774383 | 第一样本阅览室/ [索取号:D631.13/396] | 在馆 | |
| 2 | 1177439 | 211774392 | 第一借阅区/ [索取号:D631.13/396] | 在馆 | |
| 3 | 1177440 | 211774409 | 第一借阅区/ [索取号:D631.13/396] | 在馆 | |
| 4 | 1177441 | 211774418 | 第一借阅区/ [索取号:D631.13/396] | 在馆 |